000 01050nam a2200277 a 4500
001 67224
003 BD-RjUL
005 20211209081628.0
008 170323s1975 ne a b 100 0 eng
020 _a0444412808
035 _a(BD-RjUL)67355
040 _aDLC
_cDLC
_dBD-RjUL
_beng
041 _aeng
082 _a622.13
_223
_bGEO 1975
245 1 0 _aGeochemical exploration, 1974 :
_bproceedings of the fifth International Geochemical Exploration Symposium held in Vancouver, B.C., Canada, April 1-4, 1974 /
_ced. by I. L. Elliott and W. K. Fletcher.
260 _aNew York :
_bElsevier Scientific Pub. Co.,
_cc1975.
300 _axi, 720 p. :
_bill. ;
_c25 cm.
490 1 _aDevelopments in economic geology ;
_v1
504 _aIncludes bibliographies.
650 0 _aGeochemical prospecting
_xCongresses.
_934528
700 1 _aElliott, I. L.
_q(Ivor Llewellyn),
_d1935-
_9199170
700 1 _aFletcher, W. K.
_q(William K.)
_9199171
830 0 _aDevelopments in economic geology ;
_v1
_9201097
942 _2ddc
_cBK
999 _c67224
_d67224